000 00414nam a2200181Ia 4500
008 210210b1986 xxu||||| |||| 00| 0 eng d
041 _aeng
082 _a581.4 VASP
100 _aVASISHTA (P C)
245 _aPlant anatomy Ed 11
260 _aJalandhar
_bPradeep publications
_c1986
650 _aPlant
650 _aEd
650 _aanatomy
650 _a11
690 _aPure Sciences
906 _a044288
999 _c122715
_d122715